000 00352nam a2200133Ia 4500
005 20251222141831.0
008 251222s9999||||xx |||||||||||||| ||spa||
020 _a978-9972-234-07-1
082 _a657.45/A49
100 _aAlvarez Illanes, Juan Francisco
245 0 _aAuditorĂ­a Gubernamental Integral:
264 _bInstituto PacĂ­fico
942 _cLIB
999 _c7109
_d7109